[Event "Mislata op rapid"]
[Site "Mislata"]
[Date "2022.08.16"]
[Round "2"]
[White "Jordan Arenas, Manuel"]
[Black "Gavarrete, Nahun"]
[Result "1-0"]
[WhiteElo "2138"]
[BlackElo "2333"]
[PlyCount "59"]
[EventDate "2022.08.15"]
[EventType "swiss (rapid)"]
[EventRounds "8"]
[EventCountry "ESP"]
[SourceTitle "EXT 2024"]
[Source "ChessBase"]
[SourceDate "2023.10.10"]
[SourceVersion "1"]
[SourceVersionDate "2023.10.10"]
[SourceQuality "1"]

1. Nf3 Nf6 2. c4 g6 3. g3 Bg7 4. Bg2 0-0 5. 0-0 d6 6. Nc3 e5 7. d3 Nc6 8. Rb1 a5 9. b3 h6 10. Bb2 Be6 11. a3 Qd7 12. Qd2 Bh3 13. e4 g5 14. Nd5 Nxd5 15. cxd5 Bxg2 16. Kxg2 Ne7 17. h4 f5 18. hxg5 f4 19. gxh6 Bxh6 20. Rh1 Rf6 21. d4 Qg4 22. dxe5 dxe5 23. Bxe5 fxg3 24. Bxf6 Ng6 25. Qxh6 Nf4+ 26. Kg1 Ne2+ 27. Kf1 g2+ 28. Kxe2 gxh1Q 29. Rxh1 Qxe4+ 30. Kd2 1-0

[Event "Mislata op 53rd"]
[Site "Mislata"]
[Date "2019.08.25"]
[Round "9"]
[White "Jordan Arenas, Manuel"]
[Black "Gonzalez Santamartina, Jorge"]
[Result "1-0"]
[WhiteElo "2093"]
[BlackElo "2144"]
[PlyCount "167"]
[EventDate "2019.08.19"]
[EventType "swiss"]
[EventRounds "9"]
[EventCountry "ESP"]
[SourceTitle "EXT 2020"]
[Source "ChessBase"]
[SourceDate "2019.10.17"]
[SourceVersion "1"]
[SourceVersionDate "2019.10.17"]
[SourceQuality "1"]

1. d4 d5 2. c4 e6 3. Nf3 Nf6 4. Nc3 Be7 5. Bf4 0-0 6. a3 dxc4 7. e4 c5 8. Bxc4 cxd4 9. Qxd4 Qxd4 10. Nxd4 Bd7 11. e5 Nh5 12. Be3 g6 13. Ke2 Nc6 14. Nxc6 Bxc6 15. f3 Rfd8 16. Rhd1 g5 17. g3 Ng7 18. g4 a6 19. Ne4 Bxe4 20. fxe4 Rac8 21. Bb3 b5 22. Rac1 Ne8 23. Bb6 Rxc1 24. Rxc1 Ra8 25. Rc6 Kf8 26. Bc2 h6 27. Bd3 f6 28. Rxe6 Kf7 29. Rc6 fxe5 30. a4 Nd6 31. Bc5 Rc8 32. axb5 axb5 33. Rxc8 Nxc8 34. Bxe7 Kxe7 35. Bxb5 Kd6 36. b4 Ne7 37. Be8 Nc8 38. Kd3 Nb6 39. Kc3 Ke7 40. Bc6 Kd6 41. Bd5 Nd7 42. Bb3 Nb6 43. Bg8 Kc6 44. Bf7 Kd6 45. Be8 Ke7 46. Bc6 Kd6 47. Bb7 Kc7 48. Ba6 Kc6 49. Kb3 Kd6 50. Bc4 Kc6 51. Bf7 Kd6 52. Bg8 Kc6 53. Bh7 Kd6 54. Bg6 Kc6 55. Be8+ Kd6 56. h3 Ke7 57. Bb5 Kd6 58. Kc3 Kc7 59. Be8 Kd6 60. Kd3 Ke7 61. Bb5 Kd6 62. Bc4 Kc6 63. Bd5+ Kd6 64. Kc3 Kd7 65. b5 Kd6 66. Kb4 Nc8 67. Ka5 Kc5 68. Ka6 Nb6 69. Bc6 Nc4 70. Be8 Nb6 71. Kb7 Nc4 72. Kc7 Nd6 73. Bc6 Nc4 74. Kd7 Nd2 75. Ke6 Nf3 76. Kf6 Ng1 77. Kxe5 Nxh3 78. Kf5 Nf4 79. e5 Nd3 80. Kf6 Nf2 81. Bd7 Ne4+ 82. Kf5 Nc3 83. Kg6 Kd5 84. b6 1-0

[Event "Mislata op 52nd"]
[Site "Mislata"]
[Date "2018.08.09"]
[Round "5"]
[White "Jordan Arenas, Manuel"]
[Black "Crespo, Raimundo Francisco"]
[Result "0-1"]
[WhiteElo "2092"]
[BlackElo "2091"]
[PlyCount "62"]
[EventDate "2018.08.06"]
[EventType "swiss"]
[EventRounds "9"]
[EventCountry "ESP"]
[SourceTitle "CBM 185 Extra"]
[Source "ChessBase"]
[SourceDate "2018.07.29"]
[SourceVersion "1"]
[SourceVersionDate "2018.07.29"]
[SourceQuality "1"]

1. d4 c5 2. d5 Nf6 3. c4 e5 4. Nc3 d6 5. e4 g6 6. g3 Bg7 7. Bg2 0-0 8. Nge2 Nbd7 9. 0-0 Ne8 10. Qc2 a6 11. Rb1 f5 12. f4 Ndf6 13. a3 b5 14. fxe5 dxe5 15. Be3 bxc4 16. Bxc5 Nd6 17. Na4 Nfxe4 18. Bxe4 Nxe4 19. Bxf8 Bxf8 20. b3 cxb3 21. Rxb3 Qxd5 22. Rd1 Qf7 23. Rd8 Be6 24. Rxa8 Bxb3 25. Qc6 Bd5 26. Qxa6 Bxa8 27. Qxa8 Qb3 28. Kg2 Qd3 29. Ng1 Qd2+ 30. Kh1 Nf2+ 31. Kg2 Ng4+ 0-1

[Event "Mislata op 52nd"]
[Site "Mislata"]
[Date "2018.08.07"]
[Round "3"]
[White "Jordan Arenas, Manuel"]
[Black "Torres Sanchez, Jose"]
[Result "0-1"]
[WhiteElo "2092"]
[BlackElo "2312"]
[PlyCount "74"]
[EventDate "2018.08.06"]
[EventType "swiss"]
[EventRounds "9"]
[EventCountry "ESP"]
[SourceTitle "CBM 185 Extra"]
[Source "ChessBase"]
[SourceDate "2018.07.29"]
[SourceVersion "1"]
[SourceVersionDate "2018.07.29"]
[SourceQuality "1"]

1. Nf3 c5 2. g3 d5 3. Bg2 Nc6 4. d4 Nf6 5. 0-0 e6 6. c4 dxc4 7. Qa4 Bd7 8. Qxc4 b5 9. Qxb5 Nxd4 10. Nxd4 Bxb5 11. Nxb5 Rc8 12. Nxa7 Be7 13. Nxc8 Qxc8 14. Nc3 h5 15. a4 h4 16. a5 Qa6 17. Rd1 0-0 18. Bf4 hxg3 19. hxg3 Rc8 20. g4 c4 21. g5 Nh5 22. Be3 Bc5 23. Rd7 Bxe3 24. Bb7 Qa7 25. Bxc8 Bxf2+ 26. Kf1 Qc5 27. Bb7 Bh4 28. Nd1 Ng3+ 29. Kg2 Nxe2 30. Kf3 Ng1+ 31. Kg2 Qxg5+ 32. Kf1 Nh3 33. a6 Qg1+ 34. Ke2 Qe1+ 35. Kf3 f5 36. a7 Qf1+ 37. Ke3 Qf4+ 0-1

[Event "Valencia Region-ch"]
[Site "Valencia"]
[Date "2016.10.29"]
[Round "4"]
[White "Gimenez Menchon, Cesar"]
[Black "Jordan Arenas, Manuel"]
[Result "1/2-1/2"]
[WhiteElo "2135"]
[BlackElo "2084"]
[PlyCount "118"]
[EventDate "2016.10.01"]
[EventType "swiss"]
[EventRounds "7"]
[EventCountry "ESP"]
[SourceTitle "EXT 2024"]
[Source "ChessBase"]
[SourceDate "2023.10.10"]
[SourceVersion "1"]
[SourceVersionDate "2023.10.10"]
[SourceQuality "1"]

1. e4 c6 2. c4 d5 3. exd5 cxd5 4. cxd5 Nf6 5. Nc3 Nxd5 6. Nf3 Nc6 7. Bb5 Nxc3 8. bxc3 Bd7 9. 0-0 e6 10. d4 Be7 11. Qe2 0-0 12. Qe4 Qa5 13. Bd3 f5 14. Qe2 Qxc3 15. Bb2 Qa5 16. Bc4 Rae8 17. Bxe6+ Bxe6 18. Qxe6+ Kh8 19. Rfe1 Qd8 20. Qb3 Bf6 21. Qxb7 Nxd4 22. Nxd4 Bxd4 23. Rxe8 Rxe8 24. Rd1 Qa5 25. g3 Bxb2 26. Qxb2 Re1+ 27. Rxe1 Qxe1+ 28. Kg2 Qe4+ 29. f3 Qa8 30. h4 h5 31. Kf2 Kh7 32. Ke3 Kg6 33. Qd4 Qe8+ 34. Kf2 Qe7 35. Qe3 Qxe3+ 36. Kxe3 Kf6 37. Kd4 f4 38. g4 hxg4 39. fxg4 g5 40. Ke4 Kg6 41. hxg5 Kxg5 42. Kf3 a6 43. a3 a5 44. a4 Kg6 45. Kxf4 Kf6 46. g5+ Kg6 47. Kg4 Kg7 48. Kf5 Kf7 49. Ke5 Kg6 50. Kd5 Kxg5 51. Kc5 Kf6 52. Kb6 Ke7 53. Kxa5 Kd7 54. Kb6 Kc8 55. Ka7 Kc7 56. a5 Kc8 57. a6 Kc7 58. Ka8 Kc8 59. a7 Kc7 1/2-1/2

[Event "Barbera del Valles op 39th"]
[Site "Barbera del Valles"]
[Date "2016.07.12"]
[Round "9"]
[White "Jordan Arenas, Manuel"]
[Black "Ivana Maria, Furtado"]
[Result "0-1"]
[WhiteElo "2132"]
[BlackElo "2188"]
[PlyCount "104"]
[EventDate "2016.07.04"]
[EventType "swiss"]
[EventRounds "9"]
[EventCountry "ESP"]
[SourceTitle "EXT 2017"]
[Source "ChessBase"]
[SourceDate "2016.10.25"]
[SourceVersion "1"]
[SourceVersionDate "2016.10.25"]
[SourceQuality "1"]

1. d4 Nf6 2. c4 e6 3. Nf3 d5 4. Nc3 Bb4 5. Qb3 c5 6. dxc5 Nc6 7. Bg5 h6 8. Bxf6 Qxf6 9. cxd5 exd5 10. e3 0-0 11. Bb5 d4 12. Bxc6 dxc3 13. Qxb4 cxb2 14. Rb1 bxc6 15. Qxb2 Qg6 16. 0-0 Bh3 17. Nh4 Qh5 18. Qb4 Bg4 19. h3 Be6 20. a4 Rab8 21. Qxb8 Rxb8 22. Rxb8+ Kh7 23. Nf3 Bxh3 24. gxh3 Qxf3 25. Ra8 Qxh3 26. Rxa7 Qg4+ 27. Kh2 Qh5+ 28. Kg1 Qxc5 29. Ra8 Qg5+ 30. Kh2 Qh4+ 31. Kg1 Qg4+ 32. Kh2 Qe2 33. Kg1 Qg4+ 34. Kh2 Qh5+ 35. Kg1 Qg5+ 36. Kh2 c5 37. Ra5 Qh4+ 38. Kg1 Qg4+ 39. Kh2 Qb4 40. Rb5 Qa3 41. Rg1 c4 42. Rg4 c3 43. Rc4 Qa2 44. Rxc3 Qxf2+ 45. Kh3 g5 46. Ra3 Qf3+ 47. Kh2 g4 48. Rb2 h5 49. Rba2 g3+ 50. Kh3 Qg4+ 51. Kg2 h4 52. e4 h3+ 0-1

[Event "Barbera del Valles op 39th"]
[Site "Barbera del Valles"]
[Date "2016.07.05"]
[Round "2"]
[White "Jordan Arenas, Manuel"]
[Black "Palomo Ruiperez, Bruno"]
[Result "0-1"]
[WhiteElo "2132"]
[BlackElo "1921"]
[PlyCount "44"]
[EventDate "2016.07.04"]
[EventType "swiss"]
[EventRounds "9"]
[EventCountry "ESP"]
[SourceTitle "EXT 2017"]
[Source "ChessBase"]
[SourceDate "2016.10.25"]
[SourceVersion "1"]
[SourceVersionDate "2016.10.25"]
[SourceQuality "1"]

1. d4 Nf6 2. c4 g6 3. Nc3 Bg7 4. e4 d6 5. Nf3 0-0 6. h3 e5 7. d5 a5 8. Bd3 Na6 9. 0-0 Qe8 10. Bc2 Nd7 11. Be3 f5 12. exf5 gxf5 13. Re1 Ndc5 14. a3 Bd7 15. b3 b6 16. Rb1 Qg6 17. Kh1 e4 18. Nd4 f4 19. Bc1 f3 20. g3 Qh5 21. h4 Qg4 22. Kg1 Qh3 0-1

[Event "Valencia Region-ch"]
[Site "Valencia"]
[Date "2015.11.07"]
[Round "5.8"]
[White "Torres Sanchez, Jose"]
[Black "Jordan Arenas, Manuel"]
[Result "1-0"]
[WhiteElo "2288"]
[BlackElo "2076"]
[PlyCount "123"]
[EventDate "2015.10.03"]
[EventType "swiss"]
[EventRounds "7"]
[EventCountry "ESP"]
[SourceTitle "EXT 2024"]
[Source "ChessBase"]
[SourceDate "2023.10.10"]
[SourceVersion "1"]
[SourceVersionDate "2023.10.10"]
[SourceQuality "1"]

1. e4 e5 2. Nf3 Nc6 3. d4 exd4 4. Nxd4 Bc5 5. Nb3 Bb6 6. Nc3 Nf6 7. Bg5 h6 8. Bh4 g5 9. Bg3 d6 10. h4 Rg8 11. hxg5 hxg5 12. Bb5 Bd7 13. Qf3 Bg4 14. Qd3 Qe7 15. Nd4 Bd7 16. Nxc6 bxc6 17. Ba6 Ng4 18. Qe2 Rb8 19. Bc4 Bd4 20. Bb3 Qf6 21. Qd2 Rh8 22. Rxh8+ Qxh8 23. 0-0-0 Rb4 24. Re1 Ne5 25. Nd1 Nc4 26. Qxb4 Bxb2+ 27. Nxb2 Qxb2+ 28. Kd1 Qd4+ 29. Ke2 Bg4+ 30. f3 Qe3+ 31. Kf1 Nd2+ 32. Qxd2 Qxd2 33. fxg4 Qd4 34. Bf2 Qf6 35. Re3 Qa1+ 36. Be1 Qd4 37. Ke2 Qe5 38. g3 f6 39. Bc3 Qb5+ 40. Kf2 Qc5 41. Bxf6 Kd7 42. Bc3 d5 43. exd5 cxd5 44. Bxd5 a5 45. Bb3 Kc8 46. a4 Kb7 47. Ke2 Qc6 48. Kd2 Qg2+ 49. Kc1 Qg1+ 50. Re1 Qxg3 51. Bxa5 Qxg4 52. Re7 Qd4 53. Kb1 g4 54. Bxc7 Ka6 55. Ka2 Qc3 56. Be5 Qc5 57. Re8 Qe3 58. Ra8+ Kb6 59. Rb8+ Ka7 60. Rb5 g3 61. Bb8+ Ka6 62. Bd5 1-0

[Event "Barbera del Valles op 38th"]
[Site "Barbera del Valles"]
[Date "2015.07.05"]
[Round "2"]
[White "Aprea, Daniele"]
[Black "Jordan Arenas, Manuel"]
[Result "1/2-1/2"]
[WhiteElo "1923"]
[BlackElo "2122"]
[PlyCount "78"]
[EventDate "2015.07.04"]
[EventType "swiss"]
[EventRounds "9"]
[EventCountry "ESP"]
[SourceTitle "CBM 167 Extra"]
[Source "ChessBase"]
[SourceDate "2015.09.14"]
[SourceVersion "1"]
[SourceVersionDate "2015.09.14"]
[SourceQuality "1"]

1. d4 Nf6 2. c4 e6 3. Nc3 Bb4 4. f3 d5 5. a3 Bxc3+ 6. bxc3 0-0 7. cxd5 exd5 8. e3 Bf5 9. Ne2 c5 10. g4 Be6 11. Bg2 Nc6 12. 0-0 h6 13. e4 cxd4 14. cxd4 dxe4 15. g5 exf3 16. Rxf3 Nd5 17. gxh6 g6 18. Rg3 Nce7 19. Nf4 Nxf4 20. Bxf4 Nd5 21. Be5 Kh7 22. Be4 Qh4 23. Qf3 Rad8 24. Bxd5 Bxd5 25. Bf6 Bxf3 26. Bxh4 Rxd4 27. Bf6 Rd1+ 28. Rxd1 Bxd1 29. Bg7 Re8 30. Rc3 Re7 31. Rc8 g5 32. Rh8+ Kg6 33. Rg8 Kh7 34. Rh8+ Kg6 35. Rg8 f6 36. Bf8+ Kh7 37. Bxe7 Kxg8 38. Bxf6 g4 39. Kf2 Kh7 1/2-1/2

[Event "Valencia Provincial-ch"]
[Site "Valencia"]
[Date "2014.11.15"]
[Round "6"]
[White "Garcia Martin, Marta"]
[Black "Jordan Arenas, Manuel"]
[Result "0-1"]
[WhiteElo "1973"]
[BlackElo "2124"]
[PlyCount "54"]
[EventDate "2014.09.27"]
[EventType "swiss"]
[EventRounds "7"]
[EventCountry "ESP"]
[SourceTitle "EXT 2016"]
[Source "ChessBase"]
[SourceDate "2015.10.08"]
[SourceVersion "1"]
[SourceVersionDate "2015.10.08"]
[SourceQuality "1"]

1. e4 e5 2. Nf3 Nc6 3. Bc4 Bc5 4. d3 Nf6 5. c3 0-0 6. 0-0 d6 7. Bb3 b5 8. h3 a5 9. Bg5 h6 10. Bh4 g5 11. Nxg5 hxg5 12. Bxg5 Kg7 13. Bd5 Qe8 14. d4 Bb6 15. Qf3 Nxd5 16. exd5 f6 17. dxc6 fxg5 18. Qg3 exd4 19. Nd2 Qe5 20. Qxe5+ dxe5 21. Rae1 dxc3 22. bxc3 Bf5 23. Rxe5 Bd3 24. Re7+ Rf7 25. Rxf7+ Kxf7 26. Rd1 Be2 27. Rc1 Rd8 0-1

[Event "Valencia Provincial-ch"]
[Site "Valencia"]
[Date "2014.10.24"]
[Round "4"]
[White "Sanchez Saez, Francisco"]
[Black "Jordan Arenas, Manuel"]
[Result "1-0"]
[WhiteElo "2320"]
[BlackElo "2124"]
[PlyCount "73"]
[EventDate "2014.09.27"]
[EventType "swiss"]
[EventRounds "7"]
[EventCountry "ESP"]
[SourceTitle "EXT 2016"]
[Source "ChessBase"]
[SourceDate "2015.10.08"]
[SourceVersion "1"]
[SourceVersionDate "2015.10.08"]
[SourceQuality "1"]

1. c4 e5 2. g3 Nc6 3. Nc3 Nf6 4. Bg2 Bb4 5. Nd5 0-0 6. Nf3 d6 7. 0-0 Nxd5 8. cxd5 Ne7 9. d4 exd4 10. Nxd4 Bd7 11. a3 Bc5 12. b4 Bb6 13. Bb2 Nf5 14. h3 Qg5 15. Kh2 Qh5 16. f4 Rfe8 17. Qd3 c6 18. dxc6 bxc6 19. e4 Ne7 20. g4 Bxg4 21. Qg3 f5 22. Ne6 Kf7 23. Nxg7 Qh6 24. Nxe8 Rxe8 25. Rae1 Rg8 26. Qb3+ Kf8 27. Qc3 fxe4 28. Qf6+ Qxf6 29. Bxf6 Nd5 30. Bg5 Bh5 31. Bxe4 Ne3 32. Rg1 d5 33. Bxh7 Rh8 34. Bh6+ Kf7 35. Rg7+ Kf6 36. Rb7 Nf5 37. Bg5# 1-0

[Event "ESP-chT CECLUB Div2"]
[Site "Linares"]
[Date "2014.08.22"]
[Round "6.2"]
[White "Lopez del Alamo, Antonio"]
[Black "Jordan Arenas, Manuel"]
[Result "1-0"]
[WhiteElo "2275"]
[BlackElo "2148"]
[PlyCount "65"]
[EventDate "2014.08.18"]
[EventType "team-swiss"]
[EventRounds "6"]
[EventCountry "ESP"]
[SourceTitle "CBM 162 Extra"]
[Source "ChessBase"]
[SourceDate "2014.10.17"]
[SourceVersion "1"]
[SourceVersionDate "2014.10.17"]
[SourceQuality "1"]
[WhiteTeam "Villalba 64"]
[BlackTeam "Mislata"]
[WhiteTeamCountry "ESP"]
[BlackTeamCountry "ESP"]

1. d4 e6 2. e4 b6 3. Nf3 Bb7 4. Bd3 Nf6 5. Qe2 c5 6. d5 exd5 7. e5 Ng8 8. Nc3 c4 9. Bf5 Bb4 10. Bg5 Ne7 11. 0-0 Bxc3 12. bxc3 h6 13. Bxe7 Qxe7 14. Nd4 0-0 15. Nb5 Na6 16. f4 Qc5+ 17. Nd4 d6 18. e6 Bc8 19. exf7+ Kxf7 20. Be6+ Kg6 21. f5+ Kh7 22. Kh1 Rf6 23. Qh5 Nc7 24. g4 Bxe6 25. fxe6 Raf8 26. Rxf6 Rxf6 27. g5 Rg6 28. gxh6 gxh6 29. Qf5 Nxe6 30. Nxe6 Qe3 31. Nf8+ Kg7 32. Qxg6+ Kxf8 33. Rf1+ 1-0

[Event "Mislata op-A 48th"]
[Site "Mislata"]
[Date "2014.08.12"]
[Round "2"]
[White "Jordan Arenas, Manuel"]
[Black "Gomez Sanjuan, Hector Fernando"]
[Result "1-0"]
[WhiteElo "2148"]
[BlackElo "1812"]
[PlyCount "73"]
[EventDate "2014.08.11"]
[EventType "swiss"]
[EventRounds "9"]
[EventCountry "ESP"]
[SourceTitle "CBM 161 Extra"]
[Source "ChessBase"]
[SourceDate "2014.08.29"]
[SourceVersion "1"]
[SourceVersionDate "2014.08.29"]
[SourceQuality "1"]

1. d4 Nf6 2. c4 c5 3. d5 b5 4. cxb5 a6 5. bxa6 g6 6. Nc3 Bxa6 7. e4 Bxf1 8. Kxf1 d6 9. g3 Bg7 10. Kg2 Nbd7 11. Nf3 0-0 12. a4 Qa5 13. Qc2 Rfb8 14. Bd2 Ng4 15. Nb5 Qb6 16. Bc3 Nge5 17. Nd2 Qb7 18. h3 Nb6 19. b3 c4 20. f4 cxb3 21. Qxb3 Ned7 22. Bxg7 Kxg7 23. Rhb1 Nc5 24. Qc3+ Kg8 25. a5 Nxd5 26. exd5 Qxd5+ 27. Kh2 Ne4 28. Nxe4 Rxb5 29. Rxb5 Qxb5 30. Nf2 d5 31. a6 d4 32. Qxd4 Rxa6 33. Rxa6 Qxa6 34. Qd8+ Kg7 35. Qxe7 Qf1 36. Qe3 Qa1 37. Qe5+ 1-0

[Event "Barbera del Valles op 37th"]
[Site "Barbera del Valles"]
[Date "2014.07.12"]
[Round "9"]
[White "Martinez Alcantara, Jose Eduardo"]
[Black "Jordan Arenas, Manuel"]
[Result "1-0"]
[WhiteElo "2295"]
[BlackElo "2175"]
[PlyCount "107"]
[EventDate "2014.07.04"]
[EventType "swiss"]
[EventRounds "9"]
[EventCountry "ESP"]
[SourceTitle "CBM 161 Extra"]
[Source "ChessBase"]
[SourceDate "2014.08.29"]
[SourceVersion "1"]
[SourceVersionDate "2014.08.29"]
[SourceQuality "1"]

1. c4 e5 2. g3 Nc6 3. Nc3 Nf6 4. Bg2 Bb4 5. Nd5 0-0 6. a3 Bc5 7. e3 d6 8. Ne2 Re8 9. 0-0 Nxd5 10. cxd5 Ne7 11. d4 Bb6 12. dxe5 dxe5 13. Nc3 c6 14. dxc6 Nxc6 15. Qa4 Re6 16. b4 Rd6 17. Bb2 Be6 18. Rad1 Rxd1 19. Rxd1 Qc7 20. Nd5 Bxd5 21. Rxd5 Rd8 22. Rxd8+ Qxd8 23. Bxc6 bxc6 24. Bxe5 Qd5 25. Bc3 h6 26. Qc2 Kh8 27. a4 Kg8 28. a5 Bc7 29. Bd4 Bb8 30. Bc5 Kh8 31. e4 Qd7 32. Kg2 Kg8 33. Qc4 Kh7 34. h3 Be5 35. Be3 Bb8 36. a6 Kg8 37. Qc5 Qe8 38. Qf5 Kh8 39. Bd4 Qd8 40. Bc5 Kg8 41. h4 Qc7 42. h5 Qd8 43. Be3 Qe8 44. Bd4 Qd8 45. Bc3 Bd6 46. b5 cxb5 47. Qxb5 Qc7 48. Bd4 Qe7 49. Qb7 Qg5 50. Bxa7 Qxh5 51. Be3 Bxg3 52. fxg3 Qe2+ 53. Bf2 f5 54. Qc8+ 1-0

[Event "Barbera del Valles op 37th"]
[Site "Barbera del Valles"]
[Date "2014.07.11"]
[Round "8"]
[White "Jordan Arenas, Manuel"]
[Black "Balague Camps, Marc"]
[Result "1-0"]
[WhiteElo "2175"]
[BlackElo "2082"]
[PlyCount "155"]
[EventDate "2014.07.04"]
[EventType "swiss"]
[EventRounds "9"]
[EventCountry "ESP"]
[SourceTitle "CBM 161 Extra"]
[Source "ChessBase"]
[SourceDate "2014.08.29"]
[SourceVersion "1"]
[SourceVersionDate "2014.08.29"]
[SourceQuality "1"]

1. d4 Nf6 2. c4 e5 3. dxe5 Ng4 4. Bf4 g5 5. Bg3 Nc6 6. h4 Ngxe5 7. hxg5 Nxc4 8. Nc3 Bb4 9. a3 Bxc3+ 10. bxc3 Qxg5 11. Nf3 Qg7 12. Qd3 d5 13. e4 Be6 14. exd5 0-0-0 15. Qxc4 Bxd5 16. Qd3 Rhe8+ 17. Be2 Be4 18. Qe3 Bd3 19. Ne5 Nxe5 20. 0-0 Bxe2 21. Qxe2 f6 22. Rab1 Qd7 23. Qe4 Qc6 24. Qf5+ Qe6 25. Qf4 Rd6 26. a4 Rc6 27. Qb4 Rb6 28. Qe4 Qc6 29. Qxh7 Rxb1 30. Rxb1 Qxc3 31. Qf5+ Nd7 32. Qf4 Re1+ 33. Rxe1 Qxe1+ 34. Kh2 Qa5 35. Qg4 Qd5 36. Qf4 Ne5 37. f3 Qc6 38. Bh4 Nd7 39. a5 Qd6 40. Kg3 Qxf4+ 41. Kxf4 Kd8 42. Kf5 Ke7 43. g4 Kf7 44. f4 b5 45. Bf2 a6 46. Ke4 Ke6 47. f5+ Kd6 48. Bg3+ Kc6 49. Be1 Nc5+ 50. Kd4 Nd7 51. Bg3 Nc5 52. Be1 Nb7 53. Bh4 Kd6 54. Bxf6 c5+ 55. Ke3 Nxa5 56. g5 Nc6 57. Bg7 a5 58. g6 Kd7 59. Bf8 Ne7 60. g7 Nd5+ 61. Kd2 Nf6 62. Bxc5 Ke8 63. Bd4 Ng8 64. Kc3 Kf7 65. Be5 Ne7 66. f6 Nf5 67. Kd3 Nh6 68. Kd4 Ke6 69. Kc5 b4 70. Bb2 Kf7 71. Kb5 b3 72. Kxa5 Nf5 73. Kb4 Nh6 74. Kxb3 Ng8 75. Kc4 Ke6 76. Kd3 Nh6 77. Ke4 Ng8 78. Kf4 1-0